000 00829cad a22001935a 4500
001 L155188
008 120309e20121 xxkd f s 000 0 eng d
035 _a(Sirsi) u155188
041 0 _aeng
110 2 _aKnight Frank
_91530
245 0 0 _aKnight Frank global house price index
_bquarter 4 2011
_h[electronic resource]
260 _aLondon
_bKnight Frank
_c2011
520 _aGlobal house prices for 4 Qr 2011 reviews mainstream housing market in 52 countries. Brazil and Estonia show the highest rate of growth. Ireland and Cyprus show the lowest rate of growth.
590 _aKA NTK
651 4 _aInternational
690 _aResidential property
_96266
856 4 0 _uhttps://my.knightfrank.com/research-reports/global-house-price-index.aspx
_zView this online document free of charge at www.knightfrank.com
942 _n0
999 _c113380
_d113380